| 000 | 00985nas a2200313 4500 | ||
|---|---|---|---|
| 001 | BR2014005635 | ||
| 003 | BR-BrBNA | ||
| 005 | 20231205124454.0 | ||
| 007 | ta | ||
| 008 | 230509b bl.|||p| |||| 00| 00por d | ||
| 040 |
_aBR-BrBNA _bpor _cBiblioteca Nacional de Agricultura |
||
| 041 | _a(Pt) | ||
| 072 | _aL40; N10; L01 | ||
| 100 | 1 | _aSousa, M.S. | |
| 100 | 1 | _aTinôco, I. de F.F. | |
| 100 | 1 | _aSavastano júnior, H. | |
| 100 | 1 | _aInoue, K.R.A. | |
| 100 | 1 | _aMendes, M.A. dos S.A. | |
| 245 | 1 | _aQualidade do ambiente aéreo na criação inicial de codornas de corte em função de diferentes temperaturas | |
| 650 | _aCODORNA | ||
| 650 | _aCRIAÇÃO | ||
| 650 | _aINSTALAÇÃO PARA ANIMAL | ||
| 650 | _aTEMPERATURA | ||
| 650 | _aAMÔNIA | ||
| 650 | _aCONDIÇÃO AMBIENTAL | ||
| 773 | 0 |
_tEngenharia na Agricultura (Brazil) _xISSN 1414-3984 _g(Mar-Apr 2014), v. 22(2) p. 103-111 _wBR2014005635 |
|
| 909 |
_a202311 _bLúcia _c55 _dLúcia Elande |
||
| 942 |
_2AGRIS _n0 _cANA |
||
| 999 |
_c239253 _d239253 |
||